000 00875nam a2200265Ia 4500
003 GCL
008 140319s9999 xx 000 0 ara d
040 _aGCL /
_cGCL
082 0 4 _a799.232
_bز ر
100 1 _aزايد بن سلطان ال نهيان
245 1 0 _aرياضة الصيد بالصقور :
_bمن تراثنا العربى /
_cزايد بن سلطان ال نهيان
700 1 _aيحيى بدر
250 _aالثانية
260 _a[S.N] :
_bيحيى بدر ،
_c1976
260 _aالامارات :
_bوزارة الاعلام والثقافة ،
_c1976
300 _a150 ص، 40 ص ؛
_c30 سم
490 _a
650 0 4 _aتدريب
650 0 4 _aالصقور
650 0 4 _aالطيور الجارحة
650 0 4 _aالصيد بالصقور
650 0 4 _aالصيد
650 0 4 _aالصيد فى الادب
942 _2ddc
_cBK
999 _c32802
_d32802